Регионална библиотека "Любен Каравелов" - Русе

Съвременен български език. Синтаксис (Запис номер 82063)

MARC детайли
000 -Лидер
Контролно поле с фиксирана дължина 01332nam a2200361 c 4500
003 - Код на организацията, давaща контролен номер
Контролно поле BLK
005 - Дата и час на последна редакция
Контролно поле 20220525132051.0
008 - Елементи от данни с фиксирана дължина
fixed length control field 180408b bul|||||r ||||||| ||bul||
010 ## - Наследен системен номер
LC control number KNG00086583000
020 ## - Международен стандартен номер на книга ISBN
Международен стандартен номер на книга ISBN 954-712-335-1
-- издат.: Русенски унив. Ангел Кънчев
040 ## - Източник на каталожния запис
Идентификатор на билиотеката - собственик на записа BLK
041 ## - Код за език
Код за езика на текст/звукозапис или на отделно заглавие Български
Код за езика КДБФ Български
080 ## - УДК
Текстов определител УДК Български език
УДК код - определител по УДК 811.163.2
УДК определител -56(075.8)
УДК - код + определител 811.163.2-56(075.8)
100 1# - Редна дума - Автор
Автор Пометкова, Яна Иванова
Авторска отговорност първи автор
R(LIN) 300365
139 ## - Редно поле
Редна дума Пометкова, Яна Иванова
Авторски знак Пом - П 72
245 10 - Сведения за заглавието
Заглавие Съвременен български език. Синтаксис
Подзаглавни данни Упражнения ; Тематичен справ.
Редно поле (дума) Яна Иванова Пометкова.
257 ## - Страна на издаване
Страна на създаване/издаване България
260 ## - Област на издателските данни
-- Русе
Име на издателя, разпространителя и проч. Русенски унив. Ангел Кънчев
Година на издаване 2006
300 ## - Физическа характеристика
Страници 196 с.
Размери/Мащаб 20 см
380 ## - Жанр
Жанр Езикознание. Филология
500 ## - Общи забележки
Забележка Библиогр. с. 193
504 ## - Забележка за наличие на библиография и др
Забележка за наличие на библиография и под. 193
590 ## - Забележки на библиотеката, притежаваща документа (RLIN)
Служебно ф
650 #4 - Допълнително описание по предмет – тема
Основно описание – тема или топоним Български език - синтаксис
9 (RLIN) 245189
653 ## - Ключова дума – ненормативна
Ключова дума български език
653 ## - Ключова дума – ненормативна
Ключова дума синтаксис
653 ## - Ключова дума – ненормативна
Ключова дума словосъчетания
852 ## - Местоположение
Форматна сигнатура Цб 241980
856 4# - Електронен адрес и достъп
Електронен формат pdf - файл
Път до файла /url/
856 4# - Електронен адрес и достъп
Електронен формат pdf - файл
Път до файла /url/
942 ## - АРТИКУЛИ
Вид на библиотечния материал Книги
Скрит в OPAC Не
Koha issues (borrowed), all copies 2
944 ## - СЪЗДАВАНЕ И РЕДАКЦИЯ на ЗАПИСА
Създаване/Редакция Създаване
Дата на регистрацията/редакция 19.11.2008
Служител, извършил регистрацията/редакцията Валя_Йорданова
944 ## - СЪЗДАВАНЕ И РЕДАКЦИЯ на ЗАПИСА
Създаване/Редакция Редакция
Дата на регистрацията/редакция 05.10.2009
Служител, извършил регистрацията/редакцията
999 ## - СИСТЕМНИ КОНТРОЛНИ НОМЕРА
Koha biblionumber 82063
Koha biblioitemnumber 82063
Наличности
Код за отписване Код за изгубен артикул Код за повреда Коз за рестрикции Код за отдаване Артикулен № Име на библиотеката - собственик Име на библиотеката, в която се намира в момента Статус (Текущо местоположение) Дата на вписване в системата Местоположение - отдел Цена в лева Инвентарен номер Систематично азбучна сигнатура Баркод Номер на екземпляра Цена в евро Служебна бележка Служебен тип на артикула Източник на класификационната схема
Изтеглен Не е изгубен Не е повреден без рестрикции заемане за дома 133159 Регионална библиотека "Любен Каравелов" Русе Регионална библиотека "Любен Каравелов" Русе Заемна - подръчен фонд 2008-11-19 Заемна - подръчен фонд 7.30 120000731614 П 808.67/П 72 120000731614 1 3.73 Дост: Pk Вид: Ф N: 373 Дата: 06.11.2008 Дата инв: 08.02.2018 Бележки инв: П2018 Книги  
  Не е изгубен Не е повреден без рестрикции заемане за дома 133160 Регионална библиотека "Любен Каравелов" Русе Регионална библиотека "Любен Каравелов" Русе Заемна - подръчен фонд 2008-11-19 Заемна - подръчен фонд 7.30 120000731615 811.163.2/П 72 П с 120000731615 2 3.73 Дост: Pk Вид: Ф N: 373 Дата: 06.11.2008 Дата инв: 08.02.2018 Бележки инв: П2018 Книги Universal Decimal Classification
  Не е изгубен Не е повреден без рестрикции заемане за дома 133161 Регионална библиотека "Любен Каравелов" Русе Регионална библиотека "Любен Каравелов" Русе Заемна - подръчен фонд 2008-11-19 Заемна - подръчен фонд 7.30 120000731616 811.163.2/П 72 Я с 120000731616 3 3.73 Дост: Pk Вид: Ф N: 373 Дата: 06.11.2008 Дата инв: 08.02.2018 Бележки инв: П2018 Книги Universal Decimal Classification
  Не е изгубен Не е повреден без рестрикции ползва се в читалня 133162 Регионална библиотека "Любен Каравелов" Русе Регионална библиотека "Любен Каравелов" Русе Хранилище 2009-08-17 Хранилище 7.30 120000737359 Цб 241980 120000737359 4 3.73 Дост: Dp Вид: Д N: 9 Дата: 18.02.2009 Книги  
Vip Innovations Ltd, Rousse, Bulgaria 2025